000 00437nam a2200169 a 4500
001 0000-9156
003 ELIB.Books
008 110520 1971
035 _a(ELIB.Books)0000-9308
082 _a241
_bFro
100 _aFromke, De Vern
245 _aUnto Full Stature
260 _bU.S.A: Ministry of Life, Inc.
_c1971
650 _aDictionary of Christian Ethics
942 _2ddc
_cBK
998 _cbat
_e2011-05-20
999 _c9156
_d9156